000 00508nam a2200169Ia 4500
003 GCL
008 140319s9999 xx 000 0 ara d
040 _aGCL /
_cGCL
082 0 4 _a270.5
_bح ح
100 1 _aحارث قريصة
245 1 0 _aالحياة الجديدة /
_cحارث قريصة
260 _a[S.N] :
_bدار الثقافة العربية ،
_c1989
300 _a35 ص
490 _aسلسلة كتب الموضوعات الكتابية
_v0
650 0 4 _aالانجيل
942 _2ddc
_cBK
999 _c45612
_d45612